[Event "Gibraltar Challengers op-B"]
[Site "Caleta"]
[Date "2019.01.29"]
[Round "4"]
[White "Ungureanu, Sandu"]
[Black "Adebajo, Olufemi"]
[Result "1-0"]
[WhiteElo "2057"]
[BlackElo "1915"]
[PlyCount "113"]
[EventDate "2019.01.26"]
[EventType "swiss"]
[EventRounds "5"]
[EventCountry "GGB"]
[SourceTitle "CBM 188 Extra"]
[Source "ChessBase"]
[SourceDate "2019.02.26"]
[SourceVersion "1"]
[SourceVersionDate "2019.02.26"]
[SourceQuality "1"]

1. g3 d5 2. Bg2 c6 3. d3 e5 4. Nf3 Qc7 5. e4 Nf6 6. exd5 cxd5 7. 0-0 Bd6 8. Bg5 Nbd7 9. Nc3 a6 10. Nd2 d4 11. Nce4 Nxe4 12. Nxe4 0-0 13. c4 f5 14. Nxd6 Qxd6 15. Qf3 Nf6 16. Bxf6 Qxf6 17. Qd5+ Be6 18. Qxb7 Rab8 19. Qxa6 Rxb2 20. Rfb1 Rxb1+ 21. Rxb1 f4 22. gxf4 exf4 23. Qxe6+ Qxe6 24. Bd5 Qxd5 25. cxd5 Rd8 26. Rb5 Kf7 27. Kg2 Ra8 28. Rb4 Rxa2 29. Rxd4 g5 30. h4 h6 31. Kf3 Kf6 32. d6 Ra8 33. hxg5+ hxg5 34. d7 Rd8 35. Ke4 Ke6 36. f3 Kf6 37. Rd5 Ke6 38. Rxg5 Rxd7 39. Rg6+ Kf7 40. Rg4 Re7+ 41. Kxf4 Re1 42. Rg5 Kf6 43. Ra5 Ke6 44. d4 Rd1 45. d5+ Kd6 46. Kf5 Rh1 47. f4 Rh8 48. Kg6 Rg8+ 49. Kf7 Rg4 50. f5 Ke5 51. f6 Rb4 52. Ra6 Kxd5 53. Kg6 Rg4+ 54. Kf5 Rg1 55. f7 Rf1+ 56. Kg6 Rg1+ 57. Kh7 1-0

[Event "Gibraltar Challengers-B"]
[Site "Caleta"]
[Date "2018.01.28"]
[Round "2"]
[White "Adebajo, Olufemi"]
[Black "Makka, Ioulia"]
[Result "0-1"]
[WhiteElo "1922"]
[BlackElo "2167"]
[PlyCount "84"]
[EventDate "2018.01.27"]
[EventType "swiss"]
[EventRounds "5"]
[EventCountry "GGB"]
[SourceTitle "EXT 2019"]
[Source "ChessBase"]
[SourceDate "2018.10.10"]
[SourceVersion "1"]
[SourceVersionDate "2018.10.10"]
[SourceQuality "1"]

1. e4 c6 2. d4 d5 3. exd5 cxd5 4. Bd3 Nc6 5. c3 Nf6 6. Bf4 g6 7. Nf3 Bg7 8. 0-0 Nh5 9. Be3 0-0 10. Nbd2 a6 11. Re1 Re8 12. Rc1 b5 13. b4 Qd6 14. h3 f5 15. Nb3 f4 16. Bd2 e5 17. dxe5 Nxe5 18. Nxe5 Bxe5 19. Nc5 Rf8 20. Be2 Ng7 21. Bf3 Bf5 22. Qb3 Rae8 23. Bxd5+ Kh8 24. Red1 Qf6 25. Be1 f3 26. Bxf3 Bxh3 27. Ne4 Qh4 28. Ng3 Rxf3 29. Qd5 Rff8 30. gxh3 Qxh3 31. Qg2 Qg4 32. Rd3 Ne6 33. Bd2 Bf4 34. Be3 Bxe3 35. Rxe3 Nf4 36. Rxe8 Rxe8 37. Qc6 Rf8 38. Rf1 Ne2+ 39. Kg2 Nxg3 40. f3 Qg5 41. f4 Qg4 42. Qf3 Nxf1+ 0-1

[Event "Gibraltar Challengers-B 14th"]
[Site "Caleta"]
[Date "2016.02.01"]
[Round "3"]
[White "Adebajo, Olufemi"]
[Black "Wright, Jonathan1111"]
[Result "0-1"]
[WhiteElo "1963"]
[BlackElo "1902"]
[PlyCount "128"]
[EventDate "2016.01.30"]
[EventType "swiss"]
[EventRounds "5"]
[EventCountry "GGB"]
[SourceTitle "CBM 170 Extra"]
[Source "ChessBase"]
[SourceDate "2016.02.25"]
[SourceVersion "1"]
[SourceVersionDate "2016.02.25"]
[SourceQuality "1"]

1. e4 c5 2. Nc3 Nc6 3. Nf3 e6 4. Bb5 Nd4 5. 0-0 Nxb5 6. Nxb5 a6 7. Nc3 d6 8. Re1 Nf6 9. d4 cxd4 10. Qxd4 Be7 11. Bg5 0-0 12. Rad1 Qc7 13. h3 Rd8 14. Qd2 b5 15. a3 Bb7 16. Bf4 e5 17. Bh2 Rac8 18. Qd3 Qc4 19. Qe3 b4 20. Nd2 Qd4 21. axb4 Qxb4 22. Nb3 Rc4 23. f3 Rdc8 24. Kh1 Bc6 25. Ra1 Bb5 26. g4 Rxc3 27. bxc3 Rxc3 28. Qd2 Qc4 29. Na5 Qc7 30. Re3 Rxc2 31. Qe1 Nd7 32. Nb3 Bg5 33. Bg1 Bxe3 34. Bxe3 Re2 35. Qc1 Qxc1+ 36. Bxc1 Re1+ 37. Kg2 Nb6 38. Kf2 Re2+ 39. Kg3 Nc4 40. Na5 Nxa5 41. Rxa5 Kf8 42. Ra3 Rc2 43. Be3 Ke7 44. h4 Ke6 45. f4 exf4+ 46. Bxf4 Rc4 47. Rd3 Rc6 48. Ra3 h6 49. h5 Rc2 50. Rb3 Re2 51. Kf3 Re1 52. Bg3 Rf1+ 53. Kg2 Rd1 54. Ra3 Rd3 55. Ra1 Rd2+ 56. Kf3 Be2+ 57. Ke3 Rb2 58. Ra3 g6 59. hxg6 fxg6 60. g5 hxg5 61. Ra5 Bb5 62. Ra1 Re2+ 63. Kf3 Rc2 64. Rd1 Be2+ 0-1

[Event "BCF-chT3Sb 1516 (4NCL)"]
[Site "England"]
[Date "2016.01.16"]
[Round "3.125"]
[White "Adebajo, Olufemi"]
[Black "Amato, Giampiero"]
[Result "1/2-1/2"]
[WhiteElo "1963"]
[BlackElo "2004"]
[PlyCount "48"]
[EventDate "2015.11.14"]
[EventType "team-swiss"]
[EventRounds "7"]
[EventCountry "ENG"]
[SourceTitle "CBM 170 Extra"]
[Source "ChessBase"]
[SourceDate "2016.02.25"]
[SourceVersion "1"]
[SourceVersionDate "2016.02.25"]
[SourceQuality "1"]
[WhiteTeam "MK Phoenix II"]
[BlackTeam "CSC Rhinos II"]
[WhiteTeamCountry "ENG"]
[BlackTeamCountry "ENG"]

1. e4 e5 2. Nf3 Nf6 3. Nxe5 d6 4. Nxf7 Kxf7 5. d4 Qe8 6. f3 g6 7. Be3 Bg7 8. Nc3 Na6 9. Qd2 c6 10. Be2 Be6 11. 0-0 Rf8 12. f4 Kg8 13. Rae1 Qd7 14. h3 d5 15. e5 Ne4 16. Nxe4 dxe4 17. c4 Nc7 18. a4 a6 19. a5 Rf7 20. Qc2 Bxh3 21. gxh3 Qxh3 22. Qxe4 Qg3+ 23. Kh1 Qh3+ 24. Kg1 Qg3+ 1/2-1/2

[Event "BCF-chT3S 1314 (4NCL)"]
[Site "England"]
[Date "2014.02.15"]
[Round "5.128"]
[White "Adebajo, Olufemi"]
[Black "Foley, John P"]
[Result "1/2-1/2"]
[WhiteElo "1979"]
[BlackElo "2036"]
[PlyCount "136"]
[EventDate "2013.11.16"]
[EventType "team-swiss"]
[EventRounds "6"]
[EventCountry "ENG"]
[SourceTitle "EXT 2015"]
[Source "ChessBase"]
[SourceDate "2014.11.20"]
[SourceVersion "1"]
[SourceVersionDate "2014.11.20"]
[SourceQuality "1"]
[WhiteTeam "MK Phoenix II"]
[BlackTeam "BCM Rhinos II"]
[WhiteTeamCountry "ENG"]
[BlackTeamCountry "ENG"]

1. e4 c6 2. d4 d5 3. e5 Bf5 4. Ne2 e6 5. Ng3 Bg6 6. h4 h6 7. h5 Bh7 8. Bd3 Bxd3 9. Qxd3 c5 10. c3 Nc6 11. 0-0 Qb6 12. Be3 cxd4 13. Bxd4 Bc5 14. Bxc5 Qxc5 15. Re1 Nge7 16. b4 Qb6 17. Nd2 0-0 18. a4 a5 19. b5 Nb8 20. c4 Nd7 21. Qa3 Qc5 22. cxd5 Nxd5 23. Qb2 Qb4 24. Qxb4 Nxb4 25. Re4 Nb6 26. Nb3 N6d5 27. Rc1 Rfd8 28. Rd4 b6 29. f4 Rac8 30. Rdc4 Rxc4 31. Rxc4 Nd3 32. Ne2 Nb2 33. Rd4 Rc8 34. f5 Rc4 35. fxe6 fxe6 36. Rd2 Nxa4 37. Nbd4 Kf7 38. Ng3 Rc1+ 39. Kh2 Nc5 40. Nc6 Rb1 41. Na7 Rb4 42. Nc8 Rh4+ 43. Kg1 Rg4 44. Nf5 exf5 45. Rxd5 Ke6 46. Rd6+ Kxe5 47. Rxb6 a4 48. Rc6 Kd4 49. Rc7 Rg3 50. Nd6 Rb3 51. Nxf5+ Kc4 52. Rxg7 a3 53. Ra7 Rb1+ 54. Kh2 Kb3 55. Nd4+ Kb2 56. Ne2 Re1 57. Nc3 Kxc3 58. Rxa3+ Kb4 59. Rf3 Re6 60. Kh3 Kxb5 61. Kg4 Kc6 62. Kf5 Kd6 63. Rg3 Ke7 64. Rg7+ Kd6 65. Rg6 Ke7 66. Rxe6+ Nxe6 67. Kg6 Nf4+ 68. Kxh6 Nxg2 1/2-1/2

[Event "Gibraltar Challengers-B 12th"]
[Site "Caleta"]
[Date "2014.02.04"]
[Round "4"]
[White "Schouten, Freek"]
[Black "Adebajo, Olufemi"]
[Result "0-1"]
[WhiteElo "2068"]
[BlackElo "1979"]
[PlyCount "113"]
[EventDate "2014.02.01"]
[EventType "swiss"]
[EventRounds "5"]
[EventCountry "GGB"]
[SourceTitle "CBM 158 Extra"]
[Source "ChessBase"]
[SourceDate "2014.02.28"]
[SourceVersion "1"]
[SourceVersionDate "2014.02.28"]
[SourceQuality "1"]

1. d4 d5 2. Nf3 e6 3. c4 c6 4. Nc3 f5 5. g3 Nf6 6. Bg2 Bd6 7. 0-0 0-0 8. b3 Qe7 9. Bb2 b6 10. Qc2 Bb7 11. cxd5 cxd5 12. Nb5 Rc8 13. Qd1 Nbd7 14. Nxd6 Qxd6 15. Qd3 Ne4 16. Rac1 a5 17. a4 Rxc1 18. Rxc1 Ba6 19. Qd1 f4 20. Rc2 fxg3 21. hxg3 b5 22. axb5 Bxb5 23. Qc1 Qf8 24. Bh3 Re8 25. Ba3 Qf7 26. Qf4 Qh5 27. Bg4 Qg6 28. Rc7 Nef6 29. Bh3 Bxe2 30. Ne5 Nxe5 31. Qxe5 Bg4 32. Bxg4 Nxg4 33. Qf4 Qh5 34. Bd6 Qh2+ 35. Kf1 Qh1+ 36. Ke2 Qh5 37. Kf1 g5 38. Qd2 Qh1+ 39. Ke2 Qe4+ 40. Kd1 Qb1+ 41. Ke2 Qe4+ 42. Kd1 h6 43. Kc1 Rd8 44. Be7 Rb8 45. Kb2 a4 46. b4 Qf3 47. Qc2 Qxf2 48. Qxf2 Nxf2 49. Ka3 Ne4 50. Kxa4 Nxg3 51. Bd6 Ra8+ 52. Kb5 Nf5 53. Be5 g4 54. Kc6 g3 55. Bxg3 Nxg3 56. b5 Nf5 57. b6 0-1

[Event "4NCL-ch rapid"]
[Site "Daventry"]
[Date "2013.10.06"]
[Round "1"]
[White "Merry, Alan B"]
[Black "Adebajo, Olufemi"]
[Result "1-0"]
[WhiteElo "2297"]
[BlackElo "1971"]
[PlyCount "66"]
[EventDate "2013.10.06"]
[EventType "swiss (rapid)"]
[EventRounds "7"]
[EventCountry "ENG"]
[SourceTitle "CBM 156 Extra"]
[Source "ChessBase"]
[SourceDate "2013.10.22"]
[SourceVersion "1"]
[SourceVersionDate "2013.10.22"]
[SourceQuality "1"]

1. e4 c5 2. g3 Nc6 3. Bg2 g6 4. Ne2 Bg7 5. 0-0 d6 6. d3 Nf6 7. c4 0-0 8. Nbc3 Rb8 9. h3 Bd7 10. Be3 a6 11. a4 Qc8 12. Kh2 e5 13. f4 Nd4 14. f5 gxf5 15. Bg5 Bc6 16. Nd5 Bxd5 17. cxd5 h6 18. Bxf6 Bxf6 19. Nxd4 exd4 20. Rxf5 Be5 21. Qh5 Kg7 22. Raf1 f6 23. h4 Qe8 24. Qf3 Kh7 25. Bh3 Rg8 26. Rg1 Qxa4 27. Rxf6 Qc2+ 28. Kh1 Qd2 29. Qf5+ Kh8 30. Re6 Rbf8 31. Qh5 Bg7 32. Bf5 Rf6 33. Rxf6 Bxf6 1-0

[Event "Sunningdale e2e4 op U2000 07"]
[Site "Sunningdale"]
[Date "2013.07.06"]
[Round "3"]
[White "Ai, Farshad"]
[Black "Adebajo, Olufemi"]
[Result "0-1"]
[WhiteElo "1895"]
[BlackElo "1934"]
[PlyCount "90"]
[EventDate "2013.07.05"]
[EventType "swiss"]
[EventRounds "7"]
[EventCountry "ENG"]
[SourceTitle "EXT 2014"]
[Source "ChessBase"]
[SourceDate "2013.11.20"]
[SourceVersion "1"]
[SourceVersionDate "2013.11.20"]
[SourceQuality "1"]

1. d4 f5 2. g3 Nf6 3. Bg2 d5 4. Nf3 e6 5. 0-0 Bd6 6. c4 c6 7. b3 Qe7 8. Bb2 0-0 9. Nbd2 b6 10. Ne5 Bb7 11. a4 a5 12. Rc1 Ne4 13. Ndf3 g5 14. Nd2 Nd7 15. cxd5 cxd5 16. Nxe4 dxe4 17. Nxd7 Qxd7 18. Qd2 Be7 19. f3 exf3 20. Bxf3 Bxf3 21. Rxf3 g4 22. Rff1 Bf6 23. Qd3 Bg5 24. Rc2 Qd6 25. Bc1 Bf6 26. e3 Rac8 27. Bb2 h5 28. Rfc1 Rxc2 29. Qxc2 Bg5 30. Qf2 Qd5 31. Rc3 Qe4 32. Bc1 e5 33. Qg2 exd4 34. Qxe4 fxe4 35. exd4 Bxc1 36. Rxc1 Rf3 37. Re1 e3 38. Rd1 Kf7 39. Rf1 Ke6 40. Rxf3 gxf3 41. h3 Kd5 42. g4 hxg4 43. hxg4 Kxd4 44. g5 Ke5 45. g6 Kf6 0-1